[Event "Budapest FS11 GM"]
[Site "Budapest"]
[Date "2018.11.05"]
[Round "3"]
[White "Ghannoum, Marc"]
[Black "Balint, Vilmos"]
[Result "1-0"]
[WhiteElo "2280"]
[BlackElo "2299"]
[PlyCount "97"]
[EventDate "2018.11.03"]
[EventType "tourn"]
[EventRounds "9"]
[EventCountry "HUN"]
[EventCategory "6"]
[SourceTitle "CBM 187 Extra"]
[Source "ChessBase"]
[SourceDate "2018.11.04"]
[SourceVersion "1"]
[SourceVersionDate "2018.11.04"]
[SourceQuality "1"]

1. e4 e5 2. Nf3 Nc6 3. d4 exd4 4. Bc4 Nf6 5. e5 d5 6. Bb5 Ne4 7. Nxd4 Bd7 8. Bxc6 bxc6 9. 0-0 Bc5 10. f3 Ng5 11. Be3 Bb6 12. f4 Ne4 13. Nd2 Nxd2 14. Qxd2 c5 15. Nf3 Bb5 16. c4 Bxc4 17. Rfc1 0-0 18. b3 Ba6 19. Bxc5 Qd7 20. Nd4 Rfe8 21. a4 g5 22. f5 h6 23. Qe3 Bb7 24. f6 c6 25. Bxb6 axb6 26. Rf1 Qg4 27. Nf5 Kh7 28. Qxb6 Ba6 29. Qc7 Rf8 30. Rf2 Bd3 31. Nd6 Qe6 32. Re1 Ra6 33. Nb7 Rc8 34. Qe7 Ra7 35. Qxe6 fxe6 36. Nc5 Bf5 37. b4 Kg6 38. Rd1 g4 39. Rd4 Kf7 40. Rb2 Rg8 41. Kf2 Bh7 42. Kg3 h5 43. Kf4 Bf5 44. g3 h4 45. Rdd2 Rh8 46. Rg2 Rh5 47. a5 Bg6 48. Rbe2 Bf5 49. Ke3 1-0

[Event "World Amateur-ch U2300"]
[Site "Spoleto"]
[Date "2017.04.02"]
[Round "2"]
[White "Ghannoum, Marc"]
[Black "Hurtado Bahamonde, Rodrigo And"]
[Result "1/2-1/2"]
[WhiteElo "2234"]
[BlackElo "2133"]
[PlyCount "119"]
[EventDate "2017.04.01"]
[EventType "swiss"]
[EventRounds "9"]
[EventCountry "ITA"]
[SourceTitle "CBM 177 Extra"]
[Source "ChessBase"]
[SourceDate "2017.04.27"]
[SourceVersion "1"]
[SourceVersionDate "2017.04.27"]
[SourceQuality "1"]

1. e4 c5 2. Nf3 e6 3. b3 d6 4. Bb2 Nf6 5. e5 dxe5 6. Nxe5 Nbd7 7. f4 Nd5 8. Qf3 Nxe5 9. fxe5 Be7 10. Bd3 0-0 11. 0-0 Bd7 12. a3 Bc6 13. Qh3 g6 14. Nc3 Nxc3 15. dxc3 Bg5 16. c4 Qe7 17. Rae1 Rfd8 18. Qg4 Rd7 19. g3 h5 20. Qe2 h4 21. Qg4 Rad8 22. Rf6 Bxf6 23. exf6 Qe8 24. Qxh4 Rxd3 25. cxd3 Rxd3 26. Qg5 Qd8 27. Qh6 Qf8 28. Bc1 Qxh6 29. Bxh6 Kh7 30. Bg5 Kg8 31. Re3 Rxe3 32. Bxe3 b6 33. Bf4 a6 34. Kf2 Be4 35. Ke3 Bc2 36. b4 cxb4 37. axb4 Bb3 38. Kd4 Kf8 39. b5 axb5 40. cxb5 Ke8 41. Bc7 Ba4 42. Kc4 Kd7 43. Bxb6 e5 44. Ba5 Ke6 45. Kc5 Bd1 46. Bd8 Bf3 47. Kb6 Kf5 48. Kc7 e4 49. b6 e3 50. b7 e2 51. b8Q e1Q 52. Qb5+ Qe5+ 53. Qxe5+ Kxe5 54. Kd7 Kf5 55. Ke7 Bd5 56. h3 g5 57. Ba5 Kg6 58. Bd2 Bg2 59. h4 gxh4 60. gxh4 1/2-1/2

[Event "World Amateur-ch U2300"]
[Site "Spoleto"]
[Date "2017.04.02"]
[Round "3"]
[White "Verrascina, Roberto"]
[Black "Ghannoum, Marc"]
[Result "0-1"]
[WhiteElo "2190"]
[BlackElo "2234"]
[PlyCount "88"]
[EventDate "2017.04.01"]
[EventType "swiss"]
[EventRounds "9"]
[EventCountry "ITA"]
[SourceTitle "CBM 177 Extra"]
[Source "ChessBase"]
[SourceDate "2017.04.27"]
[SourceVersion "1"]
[SourceVersionDate "2017.04.27"]
[SourceQuality "1"]

1. d4 d5 2. Bg5 f6 3. Bf4 Nc6 4. Nf3 g5 5. Bg3 g4 6. Nh4 e5 7. e3 Be6 8. Be2 Qd7 9. c3 0-0-0 10. 0-0 Bd6 11. b4 Nh6 12. Nd2 Ne7 13. Nb3 Nef5 14. Nc5 Bxc5 15. bxc5 Nxg3 16. hxg3 Nf5 17. Nxf5 Bxf5 18. a4 h5 19. Ra2 h4 20. Rb2 h3 21. Qb3 b6 22. Qb5 hxg2 23. Qxd7+ Rxd7 24. Kxg2 Rdh7 25. Rg1 bxc5 26. dxc5 Kd7 27. Rb4 Be4+ 28. Kf1 f5 29. Bb5+ Ke7 30. Ke1 a5 31. Rb2 Rb8 32. Rd2 Bf3 33. c6 Rbh8 34. Rb2 Rh2 35. Rf1 Kd6 36. Kd2 Kc5 37. Kc2 Rh1 38. Rxh1 Rxh1 39. Kb3 Re1 40. Rd2 Be4 41. Kb2 Rb1+ 42. Ka2 Re1 43. Kb2 Bg2 44. f4 gxf3 0-1

[Event "Quebec-ch op"]
[Site "Montreal"]
[Date "2010.07.30"]
[Round "8"]
[White "Ghannoum, Marc"]
[Black "Sapozhnikov, Roman"]
[Result "1-0"]
[WhiteElo "2230"]
[BlackElo "2248"]
[PlyCount "69"]
[EventDate "2010.07.24"]
[EventType "swiss"]
[EventRounds "9"]
[EventCountry "CAN"]
[SourceTitle "CBM 137 Extra"]
[Source "ChessBase"]
[SourceDate "2010.09.01"]
[SourceVersion "1"]
[SourceVersionDate "2010.09.01"]
[SourceQuality "1"]

1. e4 c5 2. Nc3 Nc6 3. f4 e6 4. Nf3 a6 5. d4 d5 6. Be3 c4 7. Be2 Bb4 8. e5 Nh6 9. 0-0 Be7 10. h3 Nf5 11. Bf2 h5 12. g4 hxg4 13. hxg4 Nh4 14. Bxh4 Bxh4 15. Kg2 Be7 16. Qd2 b5 17. Rh1 Kd7 18. Rxh8 Qxh8 19. Rh1 Qd8 20. f5 Kc7 21. Qf4 b4 22. Na4 Bd7 23. b3 Na7 24. Nc5 Bxc5 25. dxc5 cxb3 26. Qxb4 Bb5 27. Bxb5 axb5 28. axb3 Nc6 29. Qxb5 Ra2 30. fxe6 Rxc2+ 31. Kg3 fxe6 32. Rh7 Qd7 33. Nd4 Rc3+ 34. Kg2 Nd8 35. Qa5+ 1-0

[Event "Quebec-ch op"]
[Site "Montreal"]
[Date "2010.07.28"]
[Round "6"]
[White "Ghannoum, Marc"]
[Black "Calugar, Arthur"]
[Result "0-1"]
[WhiteElo "2230"]
[BlackElo "2144"]
[PlyCount "52"]
[EventDate "2010.07.24"]
[EventType "swiss"]
[EventRounds "9"]
[EventCountry "CAN"]
[SourceTitle "CBM 137 Extra"]
[Source "ChessBase"]
[SourceDate "2010.09.01"]
[SourceVersion "1"]
[SourceVersionDate "2010.09.01"]
[SourceQuality "1"]

1. e4 c5 2. Nc3 Nc6 3. f4 g6 4. Nf3 Bg7 5. a3 e6 6. b4 b6 7. bxc5 bxc5 8. e5 f6 9. Ne4 fxe5 10. Bb2 d5 11. Nxc5 Qe7 12. Nd3 exf4 13. Bxg7 Qxg7 14. Nxf4 Nge7 15. Bb5 0-0 16. Ne2 e5 17. 0-0 e4 18. Ng5 Bg4 19. h3 Rxf1+ 20. Qxf1 Bxe2 21. Bxe2 Rf8 22. Qe1 Qd4+ 23. Kh1 Qe5 24. h4 Nf5 25. d4 Ng3+ 26. Kg1 Nxe2+ 0-1

[Event "Montreal Ahuntsic op"]
[Site "Montreal"]
[Date "2009.04.18"]
[Round "4"]
[White "Ghannoum, Marc"]
[Black "Barbeau, Sylvain"]
[Result "0-1"]
[WhiteElo "2112"]
[BlackElo "2272"]
[PlyCount "46"]
[EventDate "2009.04.18"]
[EventType "swiss (rapid)"]
[EventRounds "5"]
[EventCountry "CAN"]
[SourceTitle "EXT 2011"]
[Source "ChessBase"]
[SourceDate "2010.11.26"]
[SourceVersion "1"]
[SourceVersionDate "2010.11.26"]
[SourceQuality "1"]

1. e4 e5 2. Nf3 Nc6 3. Nc3 Nf6 4. a3 d6 5. d4 exd4 6. Nxd4 Be7 7. Bb5 Bd7 8. Bxc6 bxc6 9. 0-0 0-0 10. f4 Re8 11. e5 dxe5 12. fxe5 Bg4 13. Qd3 Bc5 14. exf6 Qxd4+ 15. Kh1 Qxd3 16. cxd3 Rad8 17. Ne4 Be2 18. Rf5 Bd4 19. Nc5 Rd5 20. Rxd5 cxd5 21. Nb3 Bxf6 22. Bf4 Bxd3 23. Bxc7 Bxb2 0-1

[Event "Gausdal IM-A"]
[Site "Gausdal"]
[Date "2005.04.21"]
[Round "9"]
[White "Ghannoum, Marc"]
[Black "Bentsen, Hakon"]
[Result "1-0"]
[WhiteElo "2252"]
[BlackElo "2159"]
[PlyCount "51"]
[EventDate "2005.04.13"]
[EventType "tourn"]
[EventRounds "9"]
[EventCountry "NOR"]
[EventCategory "2"]
[SourceTitle "CBM 105 Extra"]
[Source "ChessBase"]
[SourceDate "2005.05.01"]
[SourceVersion "1"]
[SourceVersionDate "2005.05.01"]
[SourceQuality "1"]

1. e4 e5 2. Nc3 Nc6 3. Bc4 Nf6 4. d3 Be7 5. f4 exf4 6. Bxf4 d6 7. Nf3 0-0 8. a3 Bg4 9. h3 Bh5 10. g4 Bg6 11. Qd2 Nd7 12. 0-0-0 Nde5 13. Nxe5 dxe5 14. Be3 Nd4 15. h4 Bxh4 16. Rh3 Be7 17. Rdh1 Ne6 18. Rxh7 Bxh7 19. Qh2 Ng5 20. Kb1 Re8 21. Bxg5 Bxg5 22. Qxh7+ Kf8 23. Nd5 f6 24. Qg8+ Kxg8 25. Ne7+ Kf8 26. Ng6# 1-0

[Event "Gausdal IM-A"]
[Site "Gausdal"]
[Date "2005.04.19"]
[Round "7"]
[White "Ghannoum, Marc"]
[Black "Cooksey, Paul S"]
[Result "1/2-1/2"]
[WhiteElo "2252"]
[BlackElo "2252"]
[PlyCount "106"]
[EventDate "2005.04.13"]
[EventType "tourn"]
[EventRounds "9"]
[EventCountry "NOR"]
[EventCategory "2"]
[SourceTitle "CBM 105 Extra"]
[Source "ChessBase"]
[SourceDate "2005.05.01"]
[SourceVersion "1"]
[SourceVersionDate "2005.05.01"]
[SourceQuality "1"]

1. e4 c6 2. d4 d5 3. e5 Bf5 4. Nf3 e6 5. a3 Nd7 6. Nbd2 Ne7 7. Be2 Bg4 8. 0-0 Nf5 9. h3 Bxf3 10. Nxf3 Be7 11. Bd3 h5 12. Qe2 g6 13. c3 c5 14. b3 cxd4 15. cxd4 Nb8 16. Be3 Nc6 17. b4 Kf8 18. g4 Ng7 19. Nd2 a6 20. f4 Qd7 21. Nb3 b5 22. Rac1 Bd8 23. Nc5 Qe8 24. Kg2 Ra7 25. Rc3 Bb6 26. Qc2 Ne7 27. Qe2 Nc6 28. Rfc1 Bxc5 29. Rxc5 Ne7 30. Qc2 Qb8 31. Rc7 Ne8 32. Rxa7 Qxa7 33. Qc5 Qb7 34. f5 exf5 35. gxf5 gxf5 36. Bg5 Rg8 37. h4 Qd7 38. Rf1 Nc7 39. Bxf5 Ne6 40. Bxe6 Qxe6 41. Kh2 Rg6 42. Rf6 Rxf6 43. Bxf6 Ke8 44. Bxe7 Qf5 45. Qxd5 Qf4+ 46. Kg2 Kxe7 47. Qd6+ Ke8 48. d5 Qg4+ 49. Kf2 Qf4+ 50. Ke2 Qe4+ 51. Kd2 Qd4+ 52. Kc2 Qc4+ 53. Kb2 Qd4+ 1/2-1/2

[Event "Gausdal IM-A"]
[Site "Gausdal"]
[Date "2005.04.16"]
[Round "4"]
[White "Kveinys, Aloyzas"]
[Black "Ghannoum, Marc"]
[Result "1-0"]
[WhiteElo "2539"]
[BlackElo "2252"]
[PlyCount "103"]
[EventDate "2005.04.13"]
[EventType "tourn"]
[EventRounds "9"]
[EventCountry "NOR"]
[EventCategory "2"]
[SourceTitle "CBM 105 Extra"]
[Source "ChessBase"]
[SourceDate "2005.05.01"]
[SourceVersion "1"]
[SourceVersionDate "2005.05.01"]
[SourceQuality "1"]

1. Nf3 Nc6 2. d4 d5 3. g3 Bf5 4. Bg2 Nb4 5. Na3 e6 6. 0-0 Be7 7. c3 Na6 8. Qb3 Qc8 9. Re1 Be4 10. Nb1 Nf6 11. Nbd2 0-0 12. Nxe4 Nxe4 13. Nd2 Nxd2 14. Bxd2 c6 15. e4 dxe4 16. Bxe4 Bf6 17. a4 Nc7 18. Qc2 g6 19. h4 Nd5 20. h5 Ne7 21. Kg2 Nf5 22. hxg6 fxg6 23. Qb3 Kg7 24. Bd3 e5 25. Bxf5 Qxf5 26. Qxb7+ Kh8 27. Qxc6 exd4 28. Qe6 Qxe6 29. Rxe6 Rab8 30. Ra2 dxc3 31. bxc3 Rbc8 32. Be3 a5 33. Rxf6 Rxf6 34. Bd4 Kg7 35. Rb2 Rcc6 36. Rb7+ Kg8 37. Bxf6 Rxf6 38. Rb5 Rc6 39. Rxa5 Rxc3 40. Ra7 g5 41. a5 g4 42. Kf1 Rc2 43. a6 Ra2 44. Ke1 h6 45. Kd1 Kf8 46. Kc1 Kg8 47. Kb1 Ra5 48. Kb2 Kf8 49. Kb3 Ra1 50. Kb4 Ke8 51. Kb5 Kd8 52. Rh7 1-0

[Event "CAN-ch closed"]
[Site "Montreal"]
[Date "2001.08.27"]
[Round "8"]
[White "Khassanov, Marat"]
[Black "Ghannoum, Marc"]
[Result "1-0"]
[WhiteElo "2363"]
[BlackElo "2192"]
[PlyCount "51"]
[EventDate "2001.08.21"]
[EventType "swiss"]
[EventRounds "9"]
[EventCountry "CAN"]
[SourceTitle "EXT 2002"]
[Source "ChessBase"]
[SourceDate "2001.11.25"]
[SourceVersion "1"]
[SourceVersionDate "2001.11.25"]
[SourceQuality "1"]

1. d4 d5 2. c4 Nc6 3. Nc3 dxc4 4. d5 Ne5 5. Qd4 Ng6 6. Qxc4 a6 7. Qb3 Rb8 8. e4 b5 9. a4 b4 10. Bc4 Qd6 11. Nce2 Nf6 12. Ng3 e6 13. Nf3 Be7 14. 0-0 0-0 15. h3 exd5 16. exd5 Rd8 17. Nd4 Nxd5 18. Ngf5 Qc5 19. Be3 Nxe3 20. Bxf7+ Kh8 21. fxe3 Bf6 22. Rac1 Qe5 23. Nc6 Qe4 24. Rc4 Be6 25. Rxe4 Bxb3 26. Bxb3 1-0

[Event "CAN-ch closed"]
[Site "Montreal"]
[Date "2001.08.22"]
[Round "3"]
[White "Ghannoum, Marc"]
[Black "Spraggett, Kevin"]
[Result "0-1"]
[WhiteElo "2192"]
[BlackElo "2531"]
[PlyCount "68"]
[EventDate "2001.08.21"]
[EventType "swiss"]
[EventRounds "9"]
[EventCountry "CAN"]
[SourceTitle "EXT 2002"]
[Source "ChessBase"]
[SourceDate "2001.11.25"]
[SourceVersion "1"]
[SourceVersionDate "2001.11.25"]
[SourceQuality "1"]

1. e4 c5 2. Nc3 e6 3. f4 a6 4. Nf3 Qc7 5. g3 Nc6 6. Bg2 b5 7. 0-0 Bb7 8. d3 b4 9. Ne2 Nf6 10. c4 bxc3 11. Nxc3 Be7 12. h3 d5 13. b3 dxe4 14. dxe4 Rd8 15. Bd2 Nd4 16. e5 Nxf3+ 17. Bxf3 Bxf3 18. Rxf3 Nd5 19. Qe2 Nb4 20. Rc1 Nc6 21. Rd3 0-0 22. Na4 Rxd3 23. Qxd3 Rd8 24. Qe3 Nd4 25. Bc3 Nf5 26. Qf3 h5 27. Kf2 c4 28. Be1 Qa7+ 29. Kg2 cxb3 30. Bf2 b2 31. Nxb2 Rd2 32. Rc8+ Kh7 33. Qxh5+ Nh6 34. Nd1 Qb7+ 0-1

[Event "Oz.com qual blitz"]
[Site "ICC INT"]
[Date "2000.03.05"]
[Round "8"]
[White "Mussanti, Diego"]
[Black "Ghannoum, Marc"]
[Result "0-1"]
[WhiteElo "2285"]
[BlackElo "2192"]
[PlyCount "152"]
[EventDate "2000.03.05"]
[EventType "swiss (blitz)"]
[EventRounds "9"]
[EventCountry "USA"]
[SourceTitle "EXT 2001"]
[Source "ChessBase"]
[SourceDate "2000.11.22"]
[SourceVersion "1"]
[SourceVersionDate "2000.11.22"]
[SourceQuality "1"]

1. e4 e5 2. Nf3 Nc6 3. d4 exd4 4. Nxd4 Nf6 5. Nxc6 bxc6 6. e5 Qe7 7. Qe2 Nd5 8. c4 Ba6 9. g3 g6 10. b3 Bg7 11. Bb2 0-0 12. Bg2 Rae8 13. 0-0 Bxe5 14. Qxe5 Qxe5 15. Bxe5 Rxe5 16. cxd5 Bxf1 17. Kxf1 cxd5 18. Nc3 c6 19. Na4 d4 20. Rd1 Rfe8 21. Bf3 c5 22. Nb2 R5e6 23. Nd3 d6 24. Nf4 Re5 25. Nd3 R5e7 26. Nf4 Kg7 27. h4 h6 28. Nd3 f5 29. Rd2 g5 30. hxg5 hxg5 31. Bc6 Rb8 32. Kg2 a5 33. Nb2 Re1 34. Nc4 Rd8 35. Nxa5 g4 36. f3 Kf6 37. fxg4 fxg4 38. Nc4 d5 39. Nb2 Rh8 40. Kf2 Re5 41. Kg2 Reh5 42. Rf2+ Kg6 43. Nd3 Rh1 44. Nf4+ Kf5 45. Nh3+ Ke5 46. Kxh1 Rxh3+ 47. Kg2 Rh6 48. Ba8 d3 49. Rd2 c4 50. Bxd5 Kxd5 51. bxc4+ Kxc4 52. Kf2 Kc3 53. Rd1 Kc2 54. Rg1 d2 55. Ke3 Re6+ 56. Kf4 Re1 57. Rg2 Kd3 58. Rxd2+ Kxd2 59. Kxg4 Ra1 60. Kf5 Rxa2 61. g4 Ke3 62. g5 Ra5+ 63. Kf6 Kf4 64. g6 Ra6+ 65. Kf7 Ra7+ 66. Kf6 Ra6+ 67. Kf7 Kf5 68. g7 Ra7+ 69. Kf8 Kf6 70. g8N+ Ke6 71. Nh6 Rh7 72. Ng8 Rf7+ 73. Ke8 Rf4 74. Ne7 Ra4 75. Nc6 Ra8+ 76. Nd8+ Kd6 0-1

[Event "Oz.com qual blitz"]
[Site "ICC INT"]
[Date "2000.03.05"]
[Round "2"]
[White "Thorhallsson, Throstur"]
[Black "Ghannoum, Marc"]
[Result "1-0"]
[WhiteElo "2489"]
[BlackElo "2192"]
[PlyCount "75"]
[EventDate "2000.03.05"]
[EventType "swiss (blitz)"]
[EventRounds "9"]
[EventCountry "USA"]
[SourceTitle "EXT 2001"]
[Source "ChessBase"]
[SourceDate "2000.11.22"]
[SourceVersion "1"]
[SourceVersionDate "2000.11.22"]
[SourceQuality "1"]

1. e4 e5 2. Nf3 Nc6 3. d4 exd4 4. Nxd4 Nf6 5. Nxc6 bxc6 6. e5 Qe7 7. Qe2 Nd5 8. c4 Ba6 9. Nd2 g6 10. Qe4 f5 11. exf6 Nxf6 12. Qxe7+ Bxe7 13. Bd3 0-0 14. 0-0 d5 15. b3 Bc5 16. h3 Rad8 17. Nf3 Ne4 18. Bh6 Rfe8 19. Rae1 Bc8 20. cxd5 cxd5 21. Bf4 c6 22. Rc1 Bd7 23. Bxe4 dxe4 24. Ne5 Ba3 25. Rcd1 Be6 26. Nxc6 Rxd1 27. Rxd1 Bc5 28. Be3 Bxe3 29. fxe3 a5 30. Rd4 Bf7 31. Nxa5 Ra8 32. Ra4 Kg7 33. Kf2 Kf6 34. Kg3 Kf5 35. Nc6 Rxa4 36. bxa4 Bxa2 37. a5 Bc4 38. Nb4 1-0

[Event "North Bay op"]
[Site "North Bay"]
[Date "1994.08.??"]
[Round "?"]
[White "Mayer, Steven F"]
[Black "Ghannoum, Marc"]
[Result "1/2-1/2"]
[WhiteElo "2205"]
[BlackElo "2200"]
[PlyCount "43"]
[EventDate "1994.08.04"]
[EventType "swiss"]
[EventRounds "8"]
[EventCountry "CAN"]
[SourceTitle "EXT 2022"]
[Source "ChessBase"]
[SourceDate "2021.10.06"]
[SourceVersion "1"]
[SourceVersionDate "2021.10.06"]
[SourceQuality "1"]

1. Nf3 f5 2. g3 Nf6 3. Bg2 d6 4. c4 e5 5. d3 Be7 6. Nc3 0-0 7. Rb1 Qe8 8. b4 h6 9. b5 Nbd7 10. a4 Rb8 11. a5 Nc5 12. Ba3 e4 13. Nd4 Ng4 14. Nd5 e3 15. fxe3 Bg5 16. Nc2 Nxe3 17. Ncxe3 Bxe3 18. Nxe3 Qxe3 19. Qd2 Qe7 20. 0-0 Bd7 21. Kh1 Ne6 22. Rbe1 1/2-1/2

[Event "North Bay op"]
[Site "North Bay"]
[Date "1994.??.??"]
[Round "?"]
[White "Lesiege, Alexandre"]
[Black "Ghannoum, Marc"]
[Result "1-0"]
[WhiteElo "2460"]
[BlackElo "2200"]
[PlyCount "121"]
[EventDate "1994.08.04"]
[EventType "swiss"]
[EventRounds "8"]
[EventCountry "CAN"]
[SourceTitle "EXT 1997"]
[Source "ChessBase"]
[SourceDate "1996.11.15"]
[SourceVersion "1"]
[SourceVersionDate "1996.11.15"]
[SourceQuality "1"]

1. d4 f5 2. g3 Nf6 3. Bg2 e6 4. Nf3 Be7 5. c4 0-0 6. d5 Na6 7. 0-0 Ne4 8. Nbd2 Nxd2 9. Bxd2 Bf6 10. Qc2 d6 11. dxe6 Bxe6 12. Bc3 Nc5 13. Rad1 Bxc3 14. Qxc3 Qf6 15. Qc2 Rae8 16. e3 Bd7 17. Nd4 a6 18. Ne2 Ne4 19. c5 Nxc5 20. b4 Ne4 21. Qxc7 Bb5 22. Bf3 Qb2 23. Rfe1 Qxb4 24. Qxb7 Kh8 25. Nf4 Qb2 26. Bxe4 fxe4 27. h4 Qxa2 28. Rxd6 Qf7 29. Qb6 Qf5 30. Red1 Qg4 31. Qd4 Qf5 32. Rh6 Kg8 33. Rh5 Qf6 34. Qd2 Rd8 35. Rd5 Rxd5 36. Qxd5+ Kh8 37. Qxe4 Bc6 38. Qd4 Qxd4 39. exd4 Rd8 40. d5 Kg8 41. Kg2 Kf7 42. Kf3 h6 43. h5 Kf6 44. Ke4 Bd7 45. Ra1 Ra8 46. d6 Ra7 47. Ra5 Bb5 48. Nd5+ Kf7 49. Nc7 Rb7 50. Nxb5 Rxb5 51. Rxa6 Rxh5 52. Ra7+ Ke6 53. Rxg7 Kxd6 54. g4 Rh2 55. f4 Ke6 56. Rg6+ Kf7 57. Kf5 Rh4 58. Ra6 Kg7 59. Ra7+ Kg8 60. Rb7 Kh8 61. g5 1-0

[Event "Quebec Inv"]
[Site "Quebec"]
[Date "1993.??.??"]
[Round "6"]
[White "Ghannoum, Marc"]
[Black "Barbeau, Sylvain"]
[Result "0-1"]
[WhiteElo "2240"]
[BlackElo "2380"]
[PlyCount "44"]
[EventDate "1993.??.??"]
[EventType "tourn"]
[EventRounds "9"]
[EventCountry "CAN"]
[SourceTitle "EXT 1998"]
[Source "ChessBase"]
[SourceDate "1997.11.17"]
[SourceVersion "1"]
[SourceVersionDate "1997.11.17"]
[SourceQuality "1"]

1. d4 d5 2. Nf3 Nc6 3. c4 Bg4 4. cxd5 Bxf3 5. dxc6 Bxc6 6. Nc3 e6 7. e4 Bb4 8. f3 f5 9. Qb3 Qh4+ 10. g3 Qe7 11. Bg2 0-0-0 12. Be3 fxe4 13. fxe4 Nf6 14. Qc2 Ng4 15. Bg1 Qg5 16. Qd2 Qg6 17. 0-0-0 Bxc3 18. bxc3 Bxe4 19. h3 Ne5 20. Bxe4 Qxe4 21. Rh2 Nf3 22. Qe2 Qc6 0-1

[Event "Quebec Inv"]
[Site "Quebec"]
[Date "1993.??.??"]
[Round "3"]
[White "Ghannoum, Marc"]
[Black "Duong, Thanh Nha"]
[Result "0-1"]
[WhiteElo "2240"]
[BlackElo "2335"]
[PlyCount "124"]
[EventDate "1993.??.??"]
[EventType "tourn"]
[EventRounds "9"]
[EventCountry "CAN"]
[SourceTitle "EXT 1998"]
[Source "ChessBase"]
[SourceDate "1997.11.17"]
[SourceVersion "1"]
[SourceVersionDate "1997.11.17"]
[SourceQuality "1"]

1. e4 c6 2. d4 d5 3. Nd2 dxe4 4. Nxe4 Nf6 5. Nxf6+ gxf6 6. Bc4 Bf5 7. Ne2 e6 8. Ng3 Bg6 9. Be3 Nd7 10. Qe2 h5 11. h4 Bd6 12. 0-0-0 Qc7 13. Qf3 0-0-0 14. Ne4 Bxe4 15. Qxe4 f5 16. Qf3 Nb6 17. Bd3 Nd5 18. Bg5 Bf4+ 19. Kb1 Bxg5 20. hxg5 Qf4 21. Qxf4 Nxf4 22. g3 Ng6 23. c3 Rh7 24. Rh3 Rdh8 25. Rdh1 h4 26. gxh4 Nf4 27. Rf3 Rxh4 28. Rxh4 Rxh4 29. Kc2 Nh3 30. Rg3 Nxf2 31. g6 fxg6 32. Rxg6 Nxd3 33. Kxd3 Re4 34. Rg7 a5 35. Rf7 Kb8 36. c4 Re1 37. Kd2 Rb1 38. Kc2 Rf1 39. Re7 Rf2+ 40. Kc3 Re2 41. Rf7 Re3+ 42. Kd2 Re4 43. Kd3 c5 44. d5 Rd4+ 45. Ke3 exd5 46. Rxf5 Rxc4 47. Rxd5 Rc2 48. b3 Kc7 49. Kd3 Kc6 50. Kxc2 Kxd5 51. Kc3 b5 52. a4 b4+ 53. Kd3 Ke5 54. Ke3 Kf5 55. Kd3 Kf4 56. Kc4 Ke4 57. Kxc5 Kd3 58. Kb5 Kc3 59. Kxa5 Kxb3 60. Kb5 Kc3 61. a5 b3 62. a6 b2 0-1

[Event "Quebec Inv"]
[Site "Quebec"]
[Date "1993.??.??"]
[Round "8"]
[White "Ghannoum, Marc"]
[Black "Schleifer, Michael"]
[Result "0-1"]
[WhiteElo "2240"]
[BlackElo "2285"]
[PlyCount "76"]
[EventDate "1993.??.??"]
[EventType "tourn"]
[EventRounds "9"]
[EventCountry "CAN"]
[SourceTitle "EXT 1998"]
[Source "ChessBase"]
[SourceDate "1997.11.17"]
[SourceVersion "1"]
[SourceVersionDate "1997.11.17"]
[SourceQuality "1"]

1. e4 c5 2. Nc3 Nc6 3. f4 d6 4. Nf3 e6 5. d4 cxd4 6. Nxd4 Nge7 7. Nb3 a6 8. a4 b6 9. Qf3 g6 10. Be3 Bg7 11. Rd1 Qc7 12. Bd3 Rb8 13. 0-0 0-0 14. f5 exf5 15. exf5 Nxf5 16. Nd5 Qd8 17. Bxf5 Bxf5 18. Nd4 Ne5 19. Qg3 Bd7 20. Rf4 f5 21. Rff1 h6 22. h4 Kh7 23. Bf4 Qe8 24. Qa3 Qf7 25. Nc7 Nc4 26. Qb3 b5 27. Nxa6 bxa4 28. Qc3 Rbc8 29. Qb4 Qd5 30. Nf3 Qb5 31. Bxd6 Rf6 32. Qxb5 Bxb5 33. Nc7 Nxd6 34. Nd5 Rf7 35. Rfe1 Ne4 36. Nd4 Bxd4+ 37. Rxd4 Rxc2 38. Ne3 Rxb2 0-1

[Event "Quebec Inv"]
[Site "Quebec"]
[Date "1993.??.??"]
[Round "2"]
[White "O'Donnell, Tom"]
[Black "Ghannoum, Marc"]
[Result "1-0"]
[WhiteElo "2390"]
[BlackElo "2240"]
[PlyCount "39"]
[EventDate "1993.??.??"]
[EventType "tourn"]
[EventRounds "9"]
[EventCountry "CAN"]
[SourceTitle "EXT 1998"]
[Source "ChessBase"]
[SourceDate "1997.11.17"]
[SourceVersion "1"]
[SourceVersionDate "1997.11.17"]
[SourceQuality "1"]

1. e4 e5 2. Nf3 Nc6 3. Nc3 Nf6 4. d4 exd4 5. Nxd4 Nxe4 6. Nxe4 Qe7 7. Nb5 Qxe4+ 8. Be2 Bb4+ 9. c3 Ba5 10. 0-0 0-0 11. a4 Bb6 12. Bd3 Qh4 13. a5 Bxa5 14. Ra4 Qd8 15. Qh5 g6 16. Qh6 f5 17. Bg5 Ne7 18. Re1 Rf7 19. Rxa5 d5 20. Rxa7 1-0

[Event "Quebec-ch Intercoll"]
[Site "Montreal"]
[Date "1992.04.18"]
[Round "4"]
[White "Ghannoum, Marc"]
[Black "Pitre, Francois"]
[Result "1-0"]
[WhiteElo "2047"]
[BlackElo "1804"]
[PlyCount "125"]
[EventDate "1992.04.17"]
[EventType "swiss"]
[EventRounds "6"]
[EventCountry "CAN"]
[SourceTitle "EXT 2022"]
[Source "ChessBase"]
[SourceDate "2021.10.06"]
[SourceVersion "1"]
[SourceVersionDate "2021.10.06"]
[SourceQuality "1"]

1. d4 d5 2. c4 Nc6 3. Nf3 Bg4 4. cxd5 Bxf3 5. dxc6 Bxc6 6. Nc3 Nf6 7. f3 e6 8. e4 Be7 9. Be3 b6 10. Bd3 Bb7 11. 0-0 0-0 12. f4 c5 13. dxc5 Bxc5 14. Bxc5 bxc5 15. e5 Qb6 16. Rf2 Nd5 17. Nxd5 Bxd5 18. Qc2 g6 19. Rc1 Rac8 20. b3 Rfd8 21. h4 Kg7 22. h5 Bb7 23. Bc4 Bd5 24. Qe2 Bxc4 25. Rxc4 Rd4 26. Qg4 Rxc4 27. bxc4 Qb1+ 28. Kh2 Qf5 29. Qxf5 gxf5 30. Rb2 Rc7 31. Kh3 Rd7 32. Rb5 Rc7 33. Kh4 h6 34. a4 Kh7 35. a5 Kg7 36. g4 fxg4 37. Kxg4 Kf8 38. Rb8+ Kg7 39. Kf3 Rd7 40. Rc8 Rd3+ 41. Kg4 Rd1 42. Rxc5 Ra1 43. Kf3 Ra3+ 44. Ke4 Kf8 45. f5 exf5+ 46. Kxf5 Rf3+ 47. Ke4 Ra3 48. Kd5 Kg7 49. Kc6 Rb3 50. Rb5 Rc3 51. c5 Re3 52. Kd5 Rd3+ 53. Ke4 Rc3 54. Kd4 Rc1 55. Rb3 Ra1 56. Rc3 Rd1+ 57. Kc4 Re1 58. Kd5 Kf8 59. c6 Rd1+ 60. Ke4 Rd8 61. c7 Rc8 62. Kd5 Ke7 63. Kc6 1-0

[Event "Quebec-ch Intercoll"]
[Site "Montreal"]
[Date "1992.04.17"]
[Round "2"]
[White "Bilodeau, Eric"]
[Black "Ghannoum, Marc"]
[Result "0-1"]
[WhiteElo "1789"]
[BlackElo "2047"]
[PlyCount "60"]
[EventDate "1992.04.17"]
[EventType "swiss"]
[EventRounds "6"]
[EventCountry "CAN"]
[SourceTitle "EXT 2022"]
[Source "ChessBase"]
[SourceDate "2021.10.06"]
[SourceVersion "1"]
[SourceVersionDate "2021.10.06"]
[SourceQuality "1"]

1. e4 c5 2. Nf3 Nc6 3. d4 cxd4 4. Nxd4 Nf6 5. Nc3 e5 6. Ndb5 d6 7. Bg5 a6 8. Bxf6 gxf6 9. Na3 b5 10. Nd5 Bg7 11. c3 Ne7 12. Nc2 f5 13. Nxe7 Qxe7 14. exf5 0-0 15. g4 d5 16. Qe2 Rb8 17. Bg2 e4 18. 0-0 Qh4 19. f3 Be5 20. Bh1 Kh8 21. Qf2 Qh6 22. Rfe1 Rg8 23. Kf1 Bxh2 24. Qd4+ f6 25. Ke2 Be5 26. Qf2 b4 27. Nxb4 a5 28. Nc2 Rxb2 29. Kd1 Bxc3 30. Rg1 d4 0-1